000 01016nmm a2200289 a 4500
001 ocm0002347925
003 TR-IsHL
005 20201028185844.0
008 190518s2018 tu tur
007 cr cn
020 _a9786056759017
035 _a2347925
_b(N$T)
050 0 4 _aJK1971
_b.E78 2018
090 0 4 _aJK1971
_b.E78 2018
100 1 _aErtan, Birol
245 1 0 _aSeçim kazanmanın sihirli anahtarı
_h[electronic resource] /
_cBirol Ertan
260 _aİstanbul :
_bToplumsal Dönüşüm Yayınları,
_c2018
300 _a120 p.
650 4 _aPolitika ve Uluslararası İlişkiler
650 4 _aPolitics and International Relations
650 0 _aSeçim kampanyaları
_x Türkiye
650 0 _aElection campaign
_x Turkey
650 0 _aSeçimler
_x Türkiye
650 0 _aElections
_x Turkey
650 7 _aPOLITICAL SCIENCE / Political Process / Campaigns & Elections
_2bisacsh
856 4 0 _uhttp://search.ebscohost.com/login.aspx?direct=true&scope=site&db=e011xww&AN=2347925
999 _c21652
_d21652